000 00719nam a22002177a 4500
005 20251108171840.0
008 250721s1983 xx 000 0 ara d
082 1 4 _aم/025.3/قوا
100 1 _aغورمان، ميشيل
_eمحرر
245 1 0 _aقواعد الفهرسة الأنجلو - أميركية /
250 _aط2
264 1 _aعمان :
_bجمعية المكتبات الأردنية،
_c1983.
300 _a946ص
650 1 7 _aالفهرسة
650 1 7 _aالمكتبات
700 1 _aو . نكلر، بول
_eتحرير
700 1 _aأثيم، محمود أحمد
_eترجمة
710 2 _aجمعية المكتبات الأميركية
_eإعداد
942 _2ddc
_cREF
999 _c64203
_d64203